Regimes próprios : (Record no. 1202)

MARC details
000 -LÍDER
Campo Fixo de Controle 00673nam a2200229 a 4500
001 - NÚMERO DE CONTROLE
Campo de Controle 1202
003 - IDENTIFICAÇÃO DO NÚMERO DE CONTROLE
Campo de Controle BR-CuiBMT
005 - DATA E HORA DA ÚLTIMA ATUALIZAÇÃO
Campo de Controle 20231201003629.0
008 - DADOS FIXOS
Dados Fixos 231113s2022 spba 000 0 por d
020 ## - INTERNATIONAL STANDARD BOOK NUMBER
Nº do ISBN 9786580027033
040 ## - AGÊNCIA CATALOGADORA
Código da Agência Catalogadora BR-CuiBMT
Agência que transcreveu o registro BR-CuiBMT
080 ## - Nº DA CLASSIFICAÇÃO DECIMAL UNIVERSAL
Nº Class. CDU 349.3
Nº edição CDU 2007
090 ## - NÚMERO DE CHAMADA
Nº classificação 349.3
Cutter R335
245 00 - TÍTULO PRINCIPAL
Título principal Regimes próprios :
Subtítulo aspectos relevantes /
Indicação de responsabilidade coordenadora: Lucia Helena Vieira.
260 ## - PUBLICAÇÃO, DISTRIBUIÇÃO, ETC.
Local de publicação São Bernardo do Campo :
Editora APEPREM,
Data 2022.
300 ## - DESCRIÇÃO FÍSICA
N. páginas ou volumes 352 p. :
Ilustrações il. ;
Dimensões 23 cm
504 ## - NOTA DE BIBLIOGRAFIA, ETC.
Nota de bibliografia Inclui bibliografia.
650 ## - ASSUNTO TÓPICO
Cabeçalho tópico ou nome geográfico Previdência social
650 ## - ASSUNTO TÓPICO
Cabeçalho tópico ou nome geográfico Previdência complementar
700 1# - ENTRADA SECUNDÁRIA -- NOME PESSOAL
Nome pessoal Vieira, Lucia Helena
Cód. do termo explicativo coord.
942 ## - ELEMENTOS DE ENTRADA ADICIONAIS (KOHA)
Fonte de classificação ou esquema de arquivamento Classificação Decimal Universal
Tipo de item do Koha Livros
Holdings
Estado: removido Estado: perdido Fonte de classificação ou esquema de arquivamento Estado: danificado Indisponível para empréstimo Localização permanente Localização atual Data de aquisição Total Checkouts Número de Chamada completo Código de barras Date last seen Número do exemplar Preço efetivo a partir de Tipo de item (Koha)
    Classificação Decimal Universal     Biblioteca da Escola Superior de Contas do TCE/MT Biblioteca da Escola Superior de Contas do TCE/MT 30/11/2023   349.3 R335 BIBTCEMT23120003 01/12/2023 Ex. 1 01/12/2023 Livros

Powered by Koha